[Event "Najdorf 2017"]
[Site "Warsaw POL"]
[Date "2017.07.14"]
[Round "6.16"]
[White "Warakomski, Tomasz"]
[Black "Jarmula, Lukasz"]
[Result "1/2-1/2"]
[WhiteElo "2518"]
[BlackElo "2444"]

1. e4 c5 2. Be2 Nc6 3. f4 g6 4. Nf3 Bg7 5. O-O d6 6. c3 Nf6 7. e5 Nd7 8. d4
O-O 9. d5 Ncb8 10. e6 fxe6 11. Ng5 Nf6 12. Nxe6 Bxe6 13. dxe6 d5 14. Bf3
Nc6 15. g4 Qd6 16. g5 Ne4 17. Qe2 Qxe6 18. Nd2 Rad8 19. Nxe4 dxe4 20. Bxe4
Kh8 21. Qc2 Na5 22. Bf3 b5 23. Qf2 Qf5 24. Qe2 Nc4 25. a4 a6 26. axb5 axb5
27. Ra7 e5 28. Bg4 Qd3 29. Qxd3 Rxd3 30. f5 gxf5 31. Bxf5 Rdd8 32. h4 Nd6
33. Bc2 Rxf1+ 34. Kxf1 e4 35. Rc7 c4 36. h5 Be5 37. Re7 Rf8+ 38. Ke2 Bg3
39. Be3 Nf5 40. Rxe4 Nxe3 41. Kxe3 Bf2+ 42. Ke2 Bg3 43. h6 Kg8 44. b3 Rf2+
45. Kd1 Rf1+ 46. Kd2 Rf2+ 47. Kc1 cxb3 48. Bxb3+ Kf8 49. Rg4 Bf4+ 50. Kd1
Be5 51. Bc2 Rf4 52. Rg2 Rf7 53. Bd3 Bxc3 54. Ra2 Re7 55. Rf2+ Rf7 56. Rxf7+
Kxf7 57. Bxh7 Bf6 58. Bg8+ Kg6 59. gxf6 Kxf6 1/2-1/2

[Event "Najdorf 2017"]
[Site "Warsaw POL"]
[Date "2017.07.14"]
[Round "6.17"]
[White "Riff, Jean-noel"]
[Black "Szustakowski, Antoni"]
[Result "1-0"]
[WhiteElo "2493"]
[BlackElo "2171"]

1. e4 e6 2. d4 d5 3. Nc3 Nf6 4. Bg5 dxe4 5. Nxe4 Be7 6. Bxf6 gxf6 7. c3 f5
8. Nd2 c5 9. Ngf3 Nc6 10. Bb5 Bd7 11. dxc5 Bxc5 12. Qe2 Qc7 13. O-O a6 14.
Bd3 Ne7 15. Nb3 Bd6 16. Rad1 O-O 17. Rfe1 Ng6 18. g3 Rad8 19. Nbd4 Qc8 20.
Qd2 e5 21. Qh6 f6 22. Nc2 Be6 23. Nh4 Nxh4 24. Qxh4 Bc5 25. Be2 Bxa2 26.
Rxd8 Rxd8 27. Qxf6 e4 28. c4 Bb3 29. Ne3 Bxe3 30. fxe3 Rf8 31. Qc3 Ba4 32.
c5 Bd7 33. Rd1 Be6 34. Rd6 Rd8 35. Rxe6 1-0

[Event "Najdorf 2017"]
[Site "Warsaw POL"]
[Date "2017.07.14"]
[Round "6.18"]
[White "Heberla, Bartlomiej"]
[Black "Raja, Harshit"]
[Result "0-1"]
[WhiteElo "2577"]
[BlackElo "2377"]

1. Nf3 c5 2. c4 Nc6 3. Nc3 g6 4. d4 cxd4 5. Nxd4 Bg7 6. Nb3 Nf6 7. e4 d6 8.
Be2 O-O 9. Be3 a5 10. Nd2 Nd7 11. Rc1 Nc5 12. Ndb1 e5 13. Na3 Nd4 14. Nab5
Nce6 15. O-O Ra6 16. Nd5 Bd7 17. Qd2 Qh4 18. Bxd4 exd4 19. f4 Nc5 20. g3
Qd8 21. Bf3 Bxb5 22. cxb5 Ra8 23. Bg2 Re8 24. f5 Nxe4 25. Bxe4 Rxe4 26. f6
Bf8 27. Rfe1 Re5 28. Qxd4 Rc8 29. Qd2 Rxc1 30. Rxc1 Qe8 31. a4 Rxd5 32.
Qxd5 Qe3+ 33. Kg2 Qxc1 34. Qxb7 Qxb2+ 35. Kh3 Qxf6 36. b6 Qf1+ 0-1

[Event "Najdorf 2017"]
[Site "Warsaw POL"]
[Date "2017.07.14"]
[Round "6.19"]
[White "Prince, Bajaj"]
[Black "Golubov, Saveliy"]
[Result "0-1"]
[WhiteElo "2344"]
[BlackElo "2516"]

1. Nf3 Nf6 2. g3 d5 3. Bg2 c5 4. O-O Nc6 5. d4 e6 6. c4 dxc4 7. Qa4 Bd7 8.
Qxc4 b5 9. Qd3 Rc8 10. dxc5 Bxc5 11. Nc3 Nb4 12. Qd1 Bc6 13. Qxd8+ Rxd8 14.
Bg5 h6 15. Bxf6 gxf6 16. Rac1 Bb6 17. Ne1 Bd7 18. a3 Na6 19. Ne4 Ke7 20.
Nd3 f5 21. Nec5 Nxc5 22. Nxc5 Bc8 23. Nd3 Kf6 24. Bc6 a6 25. Rc2 Bd4 26.
Kg2 e5 27. e3 Bxe3 28. Nxe5 Bd4 29. Nd3 Be6 30. Bf3 Rd6 31. Nf4 Bc4 32. Be2
Bb3 33. Rd2 Rhd8 34. Bd1 Bc4 35. Be2 Be5 36. Rxd6+ Rxd6 37. Bxc4 bxc4 38.
Rc1 Bxb2 39. Rxc4 Bxa3 40. Ra4 Bc5 41. Ra5 Rc6 42. h4 Ke7 43. Nd3 Bd6 44.
Rxf5 Rc3 45. Nf4 Rc5 46. Rxc5 Bxc5 47. Kf3 a5 48. Nd3 Kd6 49. Nxc5 Kxc5 50.
Ke3 a4 51. Kd3 Kd5 52. f3 a3 53. Kc3 a2 54. Kb2 Kd4 55. g4 Ke3 56. g5 h5
0-1

[Event "Najdorf 2017"]
[Site "Warsaw POL"]
[Date "2017.07.14"]
[Round "6.20"]
[White "Annaberdiev, Meilis"]
[Black "Lagunow, Raphael"]
[Result "1-0"]
[WhiteElo "2485"]
[BlackElo "2348"]

1. d4 Nf6 2. Nf3 g6 3. c4 Bg7 4. g3 O-O 5. Bg2 d6 6. Nc3 Nc6 7. O-O a6 8.
Bf4 h6 9. h3 Bd7 10. Rc1 Rb8 11. d5 Na5 12. b3 c5 13. dxc6 Nxc6 14. Qd2 g5
15. Be3 b5 16. cxb5 axb5 17. h4 b4 18. Na4 g4 19. Ne1 Ne5 20. Bxh6 Bxh6 21.
Qxh6 Bb5 22. Qd2 Qa5 23. Nc2 Bxa4 24. bxa4 Ng6 25. Nd4 Rbc8 26. Nc6 Qxa4
27. Qg5 Rxc6 28. Bxc6 Qxa2 29. h5 Nh7 30. Qxg4 Nf6 31. Qg5 Nh7 32. Qf5 Ne5
33. Be4 Nf6 34. Qg5+ Kh8 35. h6 Ng6 36. Bxg6 Rg8 37. Bb1 Qxe2 38. Rc8 1-0

[Event "Najdorf 2017"]
[Site "Warsaw POL"]
[Date "2017.07.14"]
[Round "6.21"]
[White "Socko, Monika"]
[Black "Teclaf, Pawel"]
[Result "1-0"]
[WhiteElo "2480"]
[BlackElo "2372"]

1. d4 Nf6 2. c4 g6 3. Nf3 Bg7 4. g3 O-O 5. Bg2 c6 6. O-O d5 7. Nbd2 Ne4 8.
e3 Nxd2 9. Nxd2 dxc4 10. Nxc4 Be6 11. Ne5 Nd7 12. Nd3 Bc4 13. Qc2 Bxd3 14.
Qxd3 Nb6 15. Qc2 Nd5 16. Qb3 Qb6 17. Bxd5 cxd5 18. Qxd5 Rac8 19. Qb3 e5 20.
d5 e4 21. Qa4 f5 22. Bd2 Rfd8 23. Rac1 Rxc1 24. Bxc1 Rxd5 25. Qe8+ Bf8 26.
b3 Rd8 27. Qa4 Qa6 28. Qxa6 bxa6 29. Bb2 Rd2 30. Bd4 Bg7 31. Bxg7 Kxg7 32.
a4 Kf7 33. Rc1 Ke7 34. Rc8 Rd8 35. Rc6 Rd6 36. Rc8 Rd8 37. Rc5 Rd6 38. Rc7+
Rd7 39. Rc6 Rd6 40. Rc8 Rd8 41. Rc5 Rd6 42. h3 h5 43. Kg2 Kf6 44. Rc7 Rb6
45. Rxa7 Rxb3 46. Rxa6+ Kf7 47. g4 hxg4 48. hxg4 fxg4 49. Rd6 Rb1 50. Rd4
Kf6 51. Rxe4 Kf5 52. Re8 Ra1 53. Ra8 Kg5 54. a5 Kh4 55. a6 g3 56. a7 gxf2
57. Kxf2 Kg4 58. e4 Ra2+ 59. Ke3 g5 60. e5 Kg3 61. e6 Ra1 62. Kd2 Ra2+ 63.
Kc3 Ra3+ 64. Kb4 1-0

[Event "Najdorf 2017"]
[Site "Warsaw POL"]
[Date "2017.07.14"]
[Round "6.22"]
[White "Nihal, Sarin"]
[Black "Bartel, Michal"]
[Result "1-0"]
[WhiteElo "2471"]
[BlackElo "2343"]

1. d4 d5 2. Nf3 e6 3. c4 a6 4. cxd5 exd5 5. Nc3 Nf6 6. Bg5 Be6 7. e3 Nbd7
8. Bd3 h6 9. Bh4 g5 10. Bg3 Nh5 11. Be5 Ng7 12. Bg3 Nh5 13. Qc2 Nxg3 14.
hxg3 Bg7 15. Rd1 O-O 16. Bh7+ Kh8 17. Bf5 Kg8 18. g4 Re8 19. Qb3 Nb6 20.
Ne2 Qd6 21. Ng3 Nc4 22. O-O a5 23. Nd2 b5 24. Bxe6 fxe6 25. Nh5 e5 26. Qxb5
Reb8 27. Nxc4 Rxb5 28. Nxd6 cxd6 29. Rd2 a4 30. Ng3 Rab8 31. Rb1 Kf7 32.
Nf5 Bf8 33. Kf1 Ke6 34. Ng3 Be7 35. Ke2 Bf6 36. f3 Rb4 37. dxe5 dxe5 38. e4
R8b5 39. exd5+ Rxd5 40. Rxd5 Kxd5 41. Ne4 Be7 42. b3 Ke6 43. Nc3 a3 44. Ne4
Rb8 45. Rc1 Kd7 46. Rc4 Rb6 47. Kd3 Rb8 48. Kc3 Rh8 49. Ng3 Ke6 50. b4 Kd5
51. Nf5 Bf8 52. Kb3 h5 53. gxh5 Rxh5 54. Ne3+ 1-0

[Event "Najdorf 2017"]
[Site "Warsaw POL"]
[Date "2017.07.14"]
[Round "6.23"]
[White "Villegas, Pierre"]
[Black "Thybo, Jesper Sondergaard"]
[Result "0-1"]
[WhiteElo "2295"]
[BlackElo "2465"]

1. c4 c5 2. Nf3 Nc6 3. Nc3 g6 4. e3 Nf6 5. d4 cxd4 6. exd4 d5 7. cxd5 Nxd5
8. Qb3 Nxc3 9. Bc4 Nd5 10. Bxd5 e6 11. Bxc6+ bxc6 12. O-O Be7 13. Be3 Qd5
14. Rfc1 f6 15. Nd2 Kf7 16. Qc2 Bd7 17. Ne4 Rhc8 18. f3 Kg7 19. Qf2 Be8 20.
b3 Bf7 21. Rc4 a5 22. Bc1 c5 23. Bb2 cxd4 24. Rxd4 Qc6 25. f4 Rd8 26. Rc4
Qd5 27. Qh4 Qf5 28. Rf1 Rac8 29. g4 Rxc4 30. gxf5 Rxe4 31. Re1 exf5 32.
Rxe4 fxe4 33. Qe1 Bc5+ 34. Kf1 Be6 35. Bxf6+ Kf7 36. Qh4 Rd3 37. Be5 Kg8
38. Ke2 h5 39. Qf6 Bg4+ 40. Kf1 Rd1+ 41. Kg2 Rg1# 0-1

[Event "Najdorf 2017"]
[Site "Warsaw POL"]
[Date "2017.07.14"]
[Round "6.24"]
[White "Rakesh, Kumar Jena"]
[Black "Krzyzanowski, Marcin"]
[Result "1-0"]
[WhiteElo "2283"]
[BlackElo "2464"]

1. e4 c6 2. Nc3 d5 3. Nf3 Nf6 4. e5 Ne4 5. Ne2 Qb6 6. d4 e6 7. Nfg1 f6 8.
f3 Ng5 9. f4 Ne4 10. Nf3 c5 11. Ng3 f5 12. c4 cxd4 13. Nxe4 dxe4 14. Nxd4
Bc5 15. Nb3 Bf2+ 16. Ke2 O-O 17. Qd6 Nc6 18. c5 Qb4 19. Bd2 Qa4 20. Kxf2
Rd8 21. Be2 Rxd6 22. cxd6 g5 23. g3 b6 24. Rhc1 Nd8 25. Rc4 Qe8 26. Rc7 Bd7
27. Rac1 Nf7 28. Bh5 Rd8 29. Nd4 Qf8 30. Nc6 Qh6 31. Bxf7+ Kxf7 32. Nxd8+
Ke8 33. Kg1 Qh5 34. Rxd7 Kxd7 35. Nf7 Ke8 36. Nxg5 Qe2 37. Rc8+ Kd7 38.
Rc7+ Ke8 39. d7+ Ke7 40. Bb4+ 1-0

[Event "Najdorf 2017"]
[Site "Warsaw POL"]
[Date "2017.07.14"]
[Round "6.25"]
[White "Kowalski, Igor"]
[Black "Nasuta, Grzegorz"]
[Result "0-1"]
[WhiteElo "2226"]
[BlackElo "2455"]

1. c4 e5 2. Nc3 Nf6 3. g3 d5 4. cxd5 Nxd5 5. Bg2 Nb6 6. e3 Be7 7. Nge2 h5
8. h3 Nc6 9. O-O Bf5 10. d4 Qd7 11. dxe5 Bxh3 12. Bxh3 Qxh3 13. Nf4 Qg4 14.
e6 fxe6 15. Qxg4 hxg4 16. Nxe6 Kf7 17. Nd4 Ne5 18. f4 gxf3 19. Nxf3 Nxf3+
20. Rxf3+ Ke6 21. Nb5 Bd6 22. Nd4+ Kd5 23. Kg2 Rh5 24. Bd2 Rah8 25. Rf5+
Ke4 26. Rxh5 Rxh5 27. Rf1 Nc4 28. Bc1 Nxe3+ 29. Bxe3 Kxe3 30. Nf5+ Ke4 31.
Nxd6+ cxd6 32. Rf4+ Ke3 33. Rf3+ Ke4 34. Rf4+ Ke3 35. Rf3+ Kd4 36. Rf7 Rb5
37. b3 g5 38. Kh3 d5 39. Rf5 Ra5 40. a4 Kc3 41. Rxg5 b6 42. g4 d4 43. Rg7
d3 44. Rd7 d2 45. Kg3 Kc2 0-1

[Event "Najdorf 2017"]
[Site "Warsaw POL"]
[Date "2017.07.14"]
[Round "6.26"]
[White "Dzierzak, Radoslaw"]
[Black "Sundararajan, Kidambi"]
[Result "1/2-1/2"]
[WhiteElo "2231"]
[BlackElo "2444"]

1. e4 e6 2. d4 d5 3. Nd2 c5 4. exd5 Qxd5 5. Ngf3 cxd4 6. Bc4 Qd7 7. O-O Nc6
8. Nb3 a6 9. Nbxd4 Nxd4 10. Nxd4 Qc7 11. Qe2 Bd6 12. Nf3 Ne7 13. b3 O-O 14.
Bb2 Ng6 15. Rad1 b5 16. Bd3 Bb7 17. Be4 Rfd8 18. g3 1/2-1/2

[Event "Najdorf 2017"]
[Site "Warsaw POL"]
[Date "2017.07.14"]
[Round "6.27"]
[White "Shvayger, Yuliya"]
[Black "Pacan-milej, Kosma"]
[Result "1-0"]
[WhiteElo "2434"]
[BlackElo "2332"]

1. d4 d5 2. Bf4 Nf6 3. e3 c5 4. c3 Nc6 5. Nd2 Bf5 6. Ngf3 Qb6 7. Qb3 c4 8.
Qxb6 axb6 9. a3 b5 10. Rc1 h6 11. Be2 e6 12. Bd1 g5 13. Bg3 Bg7 14. h4 g4
15. Ne5 Nh5 16. Nxg4 Nxg3 17. fxg3 h5 18. Nh2 Bh6 19. Nhf1 Bg4 20. Nf3 Kd7
21. Bc2 Rhe8 22. Kf2 f5 23. Rd1 Kd6 24. Rd2 Re7 25. Ng1 e5 26. dxe5+ Nxe5
27. Nh3 Bxh3 28. gxh3 Rae8 29. Ke2 Rf8 30. Rh2 f4 31. gxf4 Bxf4 32. Rf2 Nc6
33. Kd1 Bh6 34. Rxf8 Bxf8 35. Ng3 Kc5 36. Nxh5 Rxe3 37. Nf6 Be7 38. Rxd5+
Kb6 39. Nd7+ Kc7 40. Bf5 Bxh4 41. Rxb5 Re1+ 42. Kd2 Rg1 43. Bg4 Rg2+ 44.
Ke3 Be7 45. Kf3 Rd2 46. Nb6 Na7 47. Nxc4 Rd3+ 48. Ke2 Rxc3 49. Re5 Rxc4 50.
Rxe7+ Kb6 51. Kd3 Rc5 52. Bf3 Nc6 53. Bxc6 1-0

[Event "Najdorf 2017"]
[Site "Warsaw POL"]
[Date "2017.07.14"]
[Round "6.28"]
[White "Jaroch, Karol"]
[Black "Molenda, Marcin"]
[Result "0-1"]
[WhiteElo "2207"]
[BlackElo "2419"]

1. e4 c5 2. Nf3 e6 3. d4 cxd4 4. Nxd4 Nc6 5. Nb5 d6 6. c4 a6 7. N5c3 Bd7 8.
Be2 Rc8 9. O-O Nf6 10. Be3 Ne5 11. Nd2 Be7 12. f4 Ng6 13. Qe1 Bc6 14. Rd1
Qc7 15. Qf2 O-O 16. Rc1 Qb8 17. a4 b6 18. g4 Qb7 19. Bf3 Nd7 20. Nb3 Nc5
21. Nxc5 bxc5 22. g5 f5 23. exf5 Bxf3 24. fxg6 Bc6 25. gxh7+ Kxh7 26. Qh4+
Kg6 27. Qh3 Rf5 28. Ne2 Qxb2 29. Rf2 Qb8 30. Ng3 Rh8 31. Qg4 Ba8 32. h4 Qb7
33. Kh2 Qd7 34. h5+ Kf7 35. Rb1 g6 36. Kg1 gxh5 37. Qd1 Qc6 38. Kh2 h4 39.
Nxf5 exf5 40. Qd3 Kg6 41. a5 Rb8 42. Re1 Re8 43. Bd2 Bf6 44. Rfe2 Bd4 45.
Kh3 Re3+ 46. Qxe3 Bxe3 47. Kxh4 Qf3 0-1

[Event "Najdorf 2017"]
[Site "Warsaw POL"]
[Date "2017.07.14"]
[Round "6.29"]
[White "Kaczmarek, Aleksander"]
[Black "Jeet, Jain"]
[Result "0-1"]
[WhiteElo "2380"]
[BlackElo "2191"]

1. e4 e5 2. d4 Nc6 3. Nf3 exd4 4. Bc4 Nf6 5. e5 d5 6. Bb5 Ne4 7. Nxd4 Bc5
8. O-O O-O 9. Bxc6 bxc6 10. f3 f6 11. b4 Bb6 12. e6 Nd6 13. Re1 Re8 14. Be3
Bxd4 15. Bxd4 Rxe6 16. Rxe6 Bxe6 17. Nd2 Bf5 18. c3 Qe8 19. Qf1 a5 20. a4
Bc2 21. Ra2 Qg6 22. Qc1 Bd3 23. bxa5 h5 24. Bf2 Qg5 25. h4 Qf4 26. Qb2 Qf5
27. Qb4 Re8 28. Nb3 Bc4 29. Nd4 c5 30. Nxf5 cxb4 31. Nxd6 Bxa2 32. Nxe8 b3
33. a6 b2 34. a7 b1=Q+ 35. Kh2 Qb7 36. Kh1 d4 37. Bxd4 Bd5 38. a8=Q Qxa8
39. Nxc7 Qb7 40. Nb5 Bc4 41. Nd6 Qb1+ 42. Bg1 Bf1 0-1

[Event "Najdorf 2017"]
[Site "Warsaw POL"]
[Date "2017.07.14"]
[Round "6.30"]
[White "Lalith, Babu M R"]
[Black "Baskin, Robert"]
[Result "1-0"]
[WhiteElo "2530"]
[BlackElo "2330"]

1. c4 e6 2. g3 Nf6 3. Bg2 d5 4. Nf3 Be7 5. O-O O-O 6. d4 dxc4 7. Qc2 a6 8.
a4 Bd7 9. Qxc4 Bc6 10. Bg5 Bd5 11. Qc2 Be4 12. Qd1 h6 13. Bf4 Bd6 14. Nbd2
Bxf3 15. Nxf3 Bxf4 16. gxf4 a5 17. Ne5 c6 18. Ra3 Nd5 19. Bxd5 exd5 20. Rg3
Nd7 21. Kh1 Nf6 22. Rfg1 Ne8 23. f5 Qd6 24. Qd2 Kh8 25. Rh3 Qf6 26. Rh5 1-0

[Event "Najdorf 2017"]
[Site "Warsaw POL"]
[Date "2017.07.14"]
[Round "6.31"]
[White "Romanishin, Oleg M"]
[Black "Lewicki, Miroslaw"]
[Result "1-0"]
[WhiteElo "2463"]
[BlackElo "2323"]

1. d4 d5 2. Nf3 Nf6 3. c4 c6 4. g3 Bg4 5. Bg2 e6 6. Ne5 Bf5 7. Nc3 Nbd7 8.
O-O Be7 9. h3 h6 10. Qb3 Qb6 11. Nxd7 Nxd7 12. e4 dxe4 13. Nxe4 O-O 14. Be3
Nf6 15. Nc5 Bxc5 16. dxc5 Qc7 17. Rfe1 e5 18. Bxh6 Qc8 19. Rxe5 Bxh3 20.
Bxg7 Kxg7 21. Rg5+ Kh7 22. Qd3+ Kh6 23. Qe3 Kh7 24. Qf4 Ng8 25. Rh5+ 1-0

[Event "Najdorf 2017"]
[Site "Warsaw POL"]
[Date "2017.07.14"]
[Round "6.32"]
[White "Urazayev, Arystanbek"]
[Black "Bilguun, Sumiya"]
[Result "1/2-1/2"]
[WhiteElo "2322"]
[BlackElo "2460"]

1. e4 c5 2. Nf3 e6 3. g3 Nc6 4. Bg2 Nf6 5. Qe2 d6 6. O-O e5 7. c3 g6 8. Rd1
Bg4 9. Na3 Bg7 10. h3 Bxf3 11. Qxf3 h5 12. Nc2 h4 13. d4 cxd4 14. cxd4 hxg3
15. Qxg3 exd4 16. Qb3 Nd7 17. Qxb7 Rc8 18. e5 Ncxe5 19. Nxd4 O-O 20. Qxa7
Nc5 21. Qa3 Qb6 22. Bd5 Ned3 23. Be3 Nb4 24. Bg2 f5 25. Ne6 Nc2 26. Qd3
Nxe3 27. Qxe3 Rce8 28. Bd5 Kh8 29. Rd4 f4 30. Rxf4 Rxf4 31. Qxf4 Nxe6 32.
Qh4+ Kg8 33. Re1 Be5 34. Qg4 Kf7 35. Re3 Qxb2 36. Kg2 Re7 37. Rf3+ Bf6 38.
Re3 Be5 39. Rf3+ Bf6 40. Re3 Be5 1/2-1/2

[Event "Najdorf 2017"]
[Site "Warsaw POL"]
[Date "2017.07.14"]
[Round "6.33"]
[White "Noe, Christopher"]
[Black "Eggink, Ryszard"]
[Result "1/2-1/2"]
[WhiteElo "2451"]
[BlackElo "2322"]

1. d4 d5 2. Nf3 Nf6 3. c4 dxc4 4. Nc3 e6 5. Bg5 a6 6. e4 b5 7. e5 h6 8. Bh4
g5 9. Nxg5 hxg5 10. Bxg5 Nbd7 11. Be2 Be7 12. exf6 Bxf6 13. Bf3 Rb8 14.
Bxf6 Qxf6 15. O-O Bb7 16. Bxb7 Rxb7 17. Re1 Kf8 18. d5 e5 19. Qg4 c5 20.
dxc6 Qxc6 21. Rad1 Rg8 22. Qh3 Qe6 23. Qf3 Rb6 24. Nd5 Rd6 25. Nc7 Qe7 26.
Rxd6 Qxd6 27. Qa8+ Kg7 28. Ne8+ Kg6 29. Qe4+ f5 30. Nxd6 fxe4 31. Nxe4 Rc8
32. Kf1 Nc5 33. Nxc5 Rxc5 34. Ke2 Rd5 35. Rd1 Rxd1 36. Kxd1 b4 37. a3 a5
38. axb4 axb4 39. Kd2 Kf5 40. Ke3 Kg4 41. f3+ Kg5 42. g3 Kf5 43. h3 Kg6 44.
h4 Kf5 45. Kd2 Kg6 46. Kc2 Kf5 47. Kd1 Kg6 48. Kc2 Kf5 49. Kd2 Kg6 50. Kc2
1/2-1/2

[Event "Najdorf 2017"]
[Site "Warsaw POL"]
[Date "2017.07.14"]
[Round "6.34"]
[White "Hnydiuk, Aleksander"]
[Black "Srinath, Rao S.v."]
[Result "1-0"]
[WhiteElo "2422"]
[BlackElo "2321"]

1. Nf3 Nf6 2. c4 g6 3. d4 Bg7 4. g3 O-O 5. Bg2 d6 6. Nc3 Nc6 7. O-O e5 8.
dxe5 Nxe5 9. Nxe5 dxe5 10. Qxd8 Rxd8 11. Bg5 Rd4 12. b3 c6 13. Be3 Rd8 14.
Rfd1 Rxd1+ 15. Rxd1 Be6 16. h3 h6 17. f4 exf4 18. gxf4 Re8 19. Kf2 Nh5 20.
Ne4 Bf8 21. Bf3 Bxh3 22. Bxh5 Rxe4 23. Bf3 Re8 24. Bxa7 Be7 25. Rh1 Bf5 26.
Rxh6 Bf6 27. Bc5 Ra8 28. a3 Bc2 29. Rh3 Bxb3 30. Bxc6 Bxc4 31. Bxb7 Rb8 32.
Be4 Rb2 33. Bd3 Be6 34. Rh1 Bd7 35. Rb1 Rxb1 36. Bxb1 g5 37. fxg5 Bxg5 38.
Bc2 f5 39. a4 Bd2 40. Bb6 Kf7 41. a5 Ke6 42. a6 Bc6 43. a7 f4 44. Bg6 Kd7
45. Bf5+ Kd6 46. Bg4 1-0

[Event "Najdorf 2017"]
[Site "Warsaw POL"]
[Date "2017.07.14"]
[Round "6.35"]
[White "Sieber, Fiona"]
[Black "Das, Arghyadip"]
[Result "0-1"]
[WhiteElo "2287"]
[BlackElo "2416"]

1. e4 c5 2. Nf3 e6 3. d4 cxd4 4. Nxd4 a6 5. Bd3 Qb6 6. Nb3 Qc7 7. O-O Nf6
8. Qe2 d6 9. c4 Be7 10. Nc3 b6 11. Bd2 Bb7 12. f4 Nbd7 13. Rae1 Rd8 14. Bb1
O-O 15. e5 Ne8 16. Bc1 g6 17. Nd2 dxe5 18. fxe5 Bc5+ 19. Kh1 Bd4 20. Nd5
exd5 21. Nf3 Bc5 22. e6 fxe6 23. Qxe6+ Kh8 24. Nh4 Ndf6 25. Qh3 Bc8 26.
Nxg6+ Kg8 27. Qh4 hxg6 28. Bxg6 Qg7 29. Bf5 Nd6 30. Bh6 Nxf5 31. Rxf5 Bxf5
32. Bxg7 Kxg7 33. Qg5+ Bg6 34. h4 dxc4 35. Qf4 Rd4 36. Re7+ Kg8 37. Qh6
Rd1+ 38. Kh2 Ng4+ 0-1

[Event "Najdorf 2017"]
[Site "Warsaw POL"]
[Date "2017.07.14"]
[Round "6.36"]
[White "Alhuwar, Jasem"]
[Black "Barski, Radoslaw"]
[Result "0-1"]
[WhiteElo "2275"]
[BlackElo "2402"]

1. Nf3 d5 2. g3 g6 3. Bg2 Bg7 4. O-O e5 5. c4 d4 6. e3 dxe3 7. dxe3 Qxd1 8.
Rxd1 Na6 9. Nc3 Ne7 10. b3 Bg4 11. Ba3 f5 12. Ng5 e4 13. Rdc1 Nc6 14. h3
Bh5 15. Ngxe4 O-O-O 16. Ng5 Rd3 17. Bf1 Rxc3 0-1

[Event "Najdorf 2017"]
[Site "Warsaw POL"]
[Date "2017.07.14"]
[Round "6.37"]
[White "Das, Sayantan"]
[Black "Winiarski, Mikolaj"]
[Result "1-0"]
[WhiteElo "2399"]
[BlackElo "2295"]

1. e4 c5 2. Nc3 d6 3. f4 Nc6 4. Nf3 g6 5. Bb5 Bg7 6. O-O e6 7. Bxc6+ bxc6
8. e5 d5 9. d3 Ba6 10. Na4 Bf8 11. Be3 d4 12. Bf2 Qa5 13. b3 Bb5 14. Nd2
Be7 15. Nb2 h5 16. Nbc4 Bxc4 17. dxc4 Nh6 18. Ne4 Nf5 19. Qf3 Kf8 20. g3
Kg7 21. h3 Rh7 22. Rfd1 Rah8 23. Kg2 Qa3 24. Rd3 Qb2 25. Qd1 Qa3 26. Qc1
Qa5 27. Qd2 Qc7 28. c3 Qb6 29. cxd4 cxd4 30. Bxd4 c5 31. Bf2 Qc6 32. Qe2 g5
33. fxg5 Bxg5 34. Qf3 Be7 35. Nd6 Qxf3+ 36. Kxf3 1-0

[Event "Najdorf 2017"]
[Site "Warsaw POL"]
[Date "2017.07.14"]
[Round "6.38"]
[White "Tomczak, Mikolaj"]
[Black "Yogesh, Gautam"]
[Result "1-0"]
[WhiteElo "2395"]
[BlackElo "2243"]

1. c4 e6 2. Nc3 f5 3. d4 Nf6 4. Nf3 d5 5. Bf4 Bd6 6. Bxd6 Qxd6 7. e3 b6 8.
Rc1 Bb7 9. cxd5 Nxd5 10. Nxd5 Bxd5 11. Bc4 Bxc4 12. Rxc4 Nd7 13. Qa4 b5 14.
Qxb5 Rb8 15. Qa4 Rxb2 16. O-O O-O 17. Qxa7 Qd5 18. Qxc7 Rxa2 19. Rb4 Rfa8
20. Rb7 Ra1 21. Nd2 Rxf1+ 22. Nxf1 Ra1 23. g3 1-0

[Event "Najdorf 2017"]
[Site "Warsaw POL"]
[Date "2017.07.14"]
[Round "6.39"]
[White "Zochowski, Kacper"]
[Black "Skawinski, Arkadiusz"]
[Result "0-1"]
[WhiteElo "2240"]
[BlackElo "2386"]

1. c4 e6 2. g3 d5 3. Bg2 dxc4 4. Nf3 Nd7 5. Qa4 a6 6. Qxc4 b5 7. Qb3 Bb7 8.
O-O Ngf6 9. d3 c5 10. a4 Qb6 11. axb5 axb5 12. Rxa8+ Bxa8 13. Na3 Bc6 14.
Bf4 Nd5 15. Ne5 Nxe5 16. Bxe5 Qb7 17. Nc4 bxc4 18. Qxb7 Bxb7 19. dxc4 f6
20. Bb8 Kf7 21. cxd5 exd5 22. Ra1 Be7 23. Ra7 Rxb8 24. Rxb7 Rd8 25. Kf1 f5
26. Ke1 Ke6 27. Kd2 Rd6 28. Kc2 g5 29. Rb8 h5 30. e3 g4 31. h3 Bf6 32. hxg4
hxg4 33. f3 c4 34. fxg4 fxg4 35. Bf1 Be5 36. Be2 Kf5 37. Rg8 Rb6 38. Bxg4+
Ke4 39. Re8 Rxb2+ 40. Kc1 Rb3 41. Bf3+ Kxf3 42. Rxe5 Rd3 43. Kc2 Kxg3 44.
Kc1 Kf2 45. Kc2 Ke2 46. Kc1 Rd1+ 47. Kc2 Rd2+ 48. Kc3 Kd1 49. e4 Rd3+ 50.
Kb4 c3 51. exd5 c2 52. Rh5 Re3 0-1

[Event "Najdorf 2017"]
[Site "Warsaw POL"]
[Date "2017.07.14"]
[Round "6.40"]
[White "Karwowski, Kacper"]
[Black "Moehn, Hans"]
[Result "1-0"]
[WhiteElo "2221"]
[BlackElo "2380"]

1. e4 c5 2. c3 Nf6 3. e5 Nd5 4. Nf3 Nc6 5. d4 cxd4 6. cxd4 d6 7. exd6 Qxd6
8. Nc3 g6 9. Qb3 Nxc3 10. bxc3 Bg7 11. Be2 O-O 12. O-O Na5 13. Qa3 Qxa3 14.
Bxa3 Bf6 15. d5 b6 16. Rad1 Rd8 17. Bb4 Bb7 18. c4 Rac8 19. Bxa5 bxa5 20.
Rb1 Ba6 21. Rfc1 Rc7 22. g3 Rdc8 23. Nd2 Bd4 24. Rb3 f5 25. Rcb1 Bc5 26.
Rb8 Rxb8 27. Rxb8+ Kg7 28. Nf3 h6 29. Ne5 Bd6 30. f4 Rxc4 31. Bxc4 Bxc4 32.
Rb2 Bxd5 33. Rb5 Bxa2 34. Rxa5 Be6 35. Kg2 g5 36. Rxa7 Bd5+ 37. Kf1 Kf6 38.
Ra5 Be4 39. Ke2 Ke6 40. Ke3 Bd5 41. Kd4 Bg2 42. h4 gxf4 43. gxf4 Bb7 44.
Rb5 Ba8 45. Rb3 Bxe5+ 46. fxe5 f4 47. Rb8 Bg2 48. Rh8 f3 49. Rxh6+ Kf5 50.
Ke3 Kxe5 51. h5 f2 52. Kxf2 Be4 53. Kg3 Kf5 54. Kh4 e6 55. Rg6 Ke5 56. Rg7
Kf6 57. h6 Bf5 58. Rc7 1-0

[Event "Najdorf 2017"]
[Site "Warsaw POL"]
[Date "2017.07.14"]
[Round "6.41"]
[White "Nurkiewicz, Maciej"]
[Black "Rahul, Srivatshav P"]
[Result "1/2-1/2"]
[WhiteElo "2373"]
[BlackElo "2295"]

1. d4 Nf6 2. c4 g6 3. Nc3 Bg7 4. e4 d6 5. Nf3 O-O 6. Be2 e5 7. O-O Nc6 8.
d5 Ne7 9. b4 a5 10. Ba3 b6 11. bxa5 Rxa5 12. Bb4 Ra8 13. a4 Re8 14. a5 c5
15. dxc6 Nxc6 16. Bxd6 Rxa5 17. Rxa5 Nxa5 18. Ba3 Qxd1 19. Rxd1 Ba6 20. Nd2
Bh6 21. Nd5 Nxd5 22. exd5 Bxd2 23. Rxd2 Nxc4 24. Bxc4 Bxc4 25. d6 Be6 26.
Bb2 f6 1/2-1/2

[Event "Najdorf 2017"]
[Site "Warsaw POL"]
[Date "2017.07.14"]
[Round "6.42"]
[White "Szostko, Jakub"]
[Black "Zylka, Stanislaw"]
[Result "1/2-1/2"]
[WhiteElo "2208"]
[BlackElo "2368"]

1. e4 c5 2. Nf3 e6 3. d4 cxd4 4. Nxd4 Nc6 5. Nc3 Qc7 6. Be2 a6 7. O-O Nf6
8. Be3 Be7 9. f4 d6 10. Qe1 O-O 11. Qg3 Nxd4 12. Bxd4 b5 13. a3 Bb7 14.
Rae1 Rad8 15. Kh1 Bc6 16. Bd3 Qd7 17. Qh3 g6 18. f5 e5 19. Be3 Rfe8 20. Bh6
Nh5 21. Rf3 Bf8 22. Bg5 Be7 23. Bh6 Bf8 24. Bg5 Be7 1/2-1/2

[Event "Najdorf 2017"]
[Site "Warsaw POL"]
[Date "2017.07.14"]
[Round "6.43"]
[White "Kosakowski, Jakub"]
[Black "Zherebtsova, Alexandra"]
[Result "1/2-1/2"]
[WhiteElo "2366"]
[BlackElo "2219"]

1. e4 e5 2. Nf3 Nc6 3. Bb5 a6 4. Ba4 Nf6 5. O-O Be7 6. Re1 b5 7. Bb3 d6 8.
c3 O-O 9. h3 Na5 10. Bc2 c5 11. d4 Nd7 12. Nbd2 exd4 13. cxd4 Nc6 14. d5
Nce5 15. a4 Bb7 16. Nxe5 Nxe5 17. f4 Ng6 18. Nf3 Bf6 19. Kh2 Re8 20. g3 Qd7
21. h4 c4 22. h5 Nf8 23. h6 g6 24. Be3 Bxb2 25. Rb1 Bc3 26. Rh1 f5 27. Bd4
Bxd4 28. Qxd4 Re7 29. Rhe1 Rae8 30. Ng5 Bc8 31. Re3 Qa7 32. Qc3 Nd7 33.
Rbe1 b4 34. Qxb4 Nf6 35. Bd1 Nxe4 36. Qxc4 a5 37. Nxe4 fxe4 38. Bc2 Bf5 39.
Bxe4 Bxe4 40. Rxe4 Qf2+ 41. Kh3 Rxe4 42. Rxe4 Rf8 43. Qd4 Qxd4 44. Rxd4 Rb8
45. Re4 Rb4 46. Re6 Rxa4 47. Rxd6 Rd4 48. Rd7 a4 49. d6 a3 50. Rg7+ Kf8 51.
Rxh7 Kg8 52. Ra7 Rxd6 53. Kh4 a2 54. g4 Rd2 55. Kg5 Rg2 56. h7+ Kh8 57. Kh6
Rh2+ 58. Kxg6 a1=Q 59. Rxa1 Ra2 60. Rh1 Rh2 1/2-1/2